00996nam a2200277 i 450000100060000000300090000600500170001500700030003200800410003502000180007604000220009408000230011610000320013924500940017125000120026526000370027730000320031449000290034650400420037565100430041770000490046083000370050985200330054699900170057995201220059667353ES-MaACL20230906170042.0t|040520s2003 sp ||||0| spa d a84-397-0977-3 aM-BN bspa cM-BN a94(430)"1871/1918"1 aStürmer, Michael.910851713aEl imperio alemán / cMichael Stürmer ; traducción de Lluís Miralles de Imperial. a1ª ed. aBarcelona : bMondadori, c2003. a251 p. : bmapas ; c20 cm.1 aBreve historia universal aBibliografía: p. [241]-243. Indice. 4aAlemania-xHistoria-y1871-1918.976601 aMiralles de Imperial Llobet, Lluís.9814980 aBreve historia universal9180650 aES-MaACLjL-27594 bR.133095 c67353d67353 00104070aATENEOMbATENEOMcDEPO2d2008-01-17eSCl0oL-27594p1070531r2023-02-23 00:00:00w2023-02-23yMONOGRAFIA